All Stray Kids songs (December 2025) - Statistics

General Stats
  • This quiz has been taken 238 times
    74 since last reset
  • The average score is 140 of 237
Answer Stats
Mixtape % Correct
MIROH
100%
Circus
96%
Do It
96%
N/S
96%
DIVINE
93%
GIANT
93%
YOU.
93%
CEREMONY
89%
Christmas EveL
89%
ESCAPE
89%
God's Menu
89%
HALLUCINATION
89%
Hellevator
89%
Photobook
89%
Railway
89%
Social Path
89%
So Good
89%
Thunderous
89%
U (Feat. TABLO)
89%
Unfair
89%
Youth
89%
0801
86%
ALL IN
86%
BLEEP
86%
CASE 143
86%
CHEESE
86%
CREED
86%
Hold my hand
86%
Holiday
86%
Hollow
86%
LALALALA
86%
Phoenix
86%
WHO?
86%
Chk Chk Boom
82%
DOMINO
82%
Ghost
82%
Half Time
82%
I am YOU
82%
ice.cream
82%
In My Head
82%
MANIAC
82%
MESS
82%
Red Lights
82%
S-Class
82%
THE SOUND
82%
Truman
82%
Walkin On Water
82%
As we are
79%
Bounce Back
79%
CINEMA
79%
I Like It
79%
Mirror
79%
Stray Kids
79%
TA
79%
TOP
79%
ULTRA
79%
BLIND SPOT
75%
Burnin' Tires
75%
Lose my Breath (ft. Charlie Puth)
75%
MEGAVERSE
75%
Side Effects
75%
TASTE
75%
Back Door
71%
Behind The Light
71%
Hall of Fame
71%
JJAM
71%
Levanter
71%
MOUNTAINS
71%
My Pace
71%
Placebo
71%
Scars
71%
Secret Secret
71%
Super Bowl
71%
3RACHA
68%
Alien
68%
Broken Compass
68%
Charmer
68%
Christmas Love
68%
Cover Me
68%
Double Knot
68%
Easy
68%
FAM
68%
For You
68%
NOT!
68%
TOPLINE (Feat. Tiger JK)
68%
VENOM
68%
YAYAYA
68%
Astronaut
64%
COMFLEX
64%
DOODLE
64%
Ex
64%
GO LIVE
64%
Limbo
64%
Maze of Memories
64%
Mixtape: OH
64%
Muddy Water
64%
twilight
64%
24 to 25
61%
Any
61%
CHILL
61%
Collision
61%
Connected
61%
Deep end
61%
District 9
61%
Drive
61%
Give Me Your TMI
61%
Lonely St.
61%
Maknae On Top
61%
RUN
61%
Silent Cry
61%
Surfin'
61%
The Tortoise and the Hare
61%
WOLFGANG
61%
19
57%
Airplane
57%
BEWARE
57%
Falling Up
57%
GET LIT
57%
Gone Away
57%
Grow Up
57%
Leave
57%
Phobia
57%
Runners
57%
SLUMP
57%
SSICK
57%
Stars and Raindrops
57%
Waiting For Us
57%
WHY?
57%
Winter Falls
57%
0325
54%
Because
54%
Blueprint
54%
Chronosaurus
54%
Get Cool
54%
Hoodie Season
54%
ITEM
54%
Love Untold
54%
NIGHT
54%
Question
54%
Sorry, I Love You
54%
Streetlight
54%
SUPER BOARD
54%
There
54%
The View
54%
Victory Song
54%
Youtiful
54%
3rd Eye
50%
4419
50%
Awkward Silence
50%
B Me
50%
Booster
50%
Boxer
50%
Can't Stop
50%
DLC
50%
DLMLU
50%
HaPpY
50%
Haven
50%
Hug Me
50%
I GOT IT
50%
Insomnia
50%
just a little
50%
#LoveSTAY
50%
Mixtape: Gone Days
50%
Mixtape: On Track
50%
Parade
50%
Saiyan
50%
School Life
50%
SLASH
50%
Spread My Wings
50%
Star Lost
50%
Sunshine
50%
Up All Night
50%
We Go
50%
Awaken
46%
Battle Ground
46%
Butterflies
46%
Close
46%
FNF
46%
FREEZE
46%
i hate to admit
46%
Mixtape: Time Out
46%
My Universe
46%
Never Alone
46%
Pacemaker
46%
ROCK
46%
STOP
46%
Voices
46%
Wow
46%
You Can STAY
46%
Your Eyes
46%
Another Day
43%
Entrance
43%
GLOW
43%
M.I.A.
43%
Mirror Mirror (F.HERO, MILLI, Changbin)
43%
miss you
43%
TMT
43%
Wish You Back
43%
ZONE
43%
Come Play
39%
Fairytale
39%
My Side
39%
One Day
39%
Piece of a Puzzle
39%
HEYDAY
36%
In The Dark (DJ Snake ft. Stray Kids)
36%
Novel
36%
Road Not Taken
36%
All My Life (Lil Durk, Stray Kids)
32%
Fate
32%
Hello Stranger
32%
Hero's Soup
32%
Like Magic (JYPnation)
32%
Lost Me
32%
NO PROBLEM (NAYEON ft. Felix)
32%
Destiny
29%
Going Dumb (Alesso, Stray Kids, CORSAK)
29%
CALL
25%
My Destiny
25%
Here Always
21%
love is painful
21%
Neverending story
21%
ReawakeR (LiSA ft. Felix)
21%
START!
21%
VAY (ITZY ft. Changbin)
21%
All I Want Is You
18%
Always Love (d4vd ft. Hyunjin)
18%
Close to You
18%
GENIE
18%
R&B ME (JUN.K ft. Changbin)
18%
RUSH (Troye Sivan ft. PinkPantheress, Hyunjin)
18%
Updraft
18%
JUST BREATHE (SKY-HI ft. 3RACHA)
14%
8th Grader (Kim Changwan, Changbin)
11%
You... Like the wind (Yoon Jisung ft. Changbin)
11%
Fly High
7%
No matching quizzes found
Score Distribution
Percent of People with Each Score
Percentile by Number Answered
Your Score History
You have not taken this quiz since the last reset